|
|
|
|
| LEADER |
00000nam0a2200000 4500 |
| 001 |
374486 |
| 005 |
20231102012645.0 |
| 035 |
|
|
|a (RuTPU)RU\TPU\retro\31920
|
| 035 |
|
|
|a RU\TPU\book\271747
|
| 090 |
|
|
|a 374486
|
| 100 |
|
|
|a 20221219d1983 km y0rusy50 ca
|
| 101 |
0 |
|
|a rus
|
| 102 |
|
|
|a RU
|
| 105 |
|
|
|a a z 000zy
|
| 200 |
1 |
|
|a Ларчик можно не открывать. Квантовый туннельный эффект. Полвека загадок и открытий
|f Н. С. Работнов
|
| 210 |
|
|
|a Москва
|c Энергоатомиздат
|d 1983
|
| 215 |
|
|
|a 168 с.
|c ил.
|
| 606 |
1 |
|
|a Квантовая механика
|2 stltpush
|3 (RuTPU)RU\TPU\subj\14211
|9 40667
|
| 610 |
1 |
|
|a квантовый туннельный эффект
|
| 610 |
1 |
|
|a обнаружение
|
| 610 |
1 |
|
|a использование
|
| 610 |
1 |
|
|a примеры
|
| 610 |
1 |
|
|a наука
|
| 610 |
1 |
|
|a техника
|
| 610 |
1 |
|
|a туннелирование
|
| 610 |
1 |
|
|a сверхпроводимость
|
| 610 |
1 |
|
|a ядерное превращение
|
| 675 |
|
|
|a 530.145.6
|v 3
|
| 700 |
|
1 |
|a Работнов
|b Н. С.
|g Николай Семенович
|
| 801 |
|
1 |
|a RU
|b 63413507
|c 20140206
|
| 801 |
|
2 |
|a RU
|b 63413507
|c 20221219
|g RCR
|
| 942 |
|
|
|c BK
|